Biblioteka Instytutu Północnego w Olsztynie

Widok standardowy Widok MARC

Pozycja Personal Name

Liczba rekordów, w których użyto hasła: 1

001 - Numer kontrolny

  • control field: 40670

003 - Identyfikator numeru kontrolnego

  • control field: NUKAT

005 - Data i czas ostatniej modyfikacji

  • control field: 20260427133059.0

008 - Dane kontrolne kodowane (40 znaków)

  • fixed length control field: 050120n||azznnbabn |a aaa |

010 ## - Numer kontrolny Biblioteki Kongresu

  • numer kontrolny LC: p 2004424069

024 7# - OTHER STANDARD IDENTIFIER

  • Standard number or code: 128082311
  • Source of number or code: viaf

035 ## - Numer systemowy

  • numer systemowy: a12169493

040 ## - Instytucja sporządzająca rekord

  • inst. przygot. dane do rek. khw: WA N
  • język haseł przedmiotowych/tezaurus: DBN
  • inst. wprow. rek. khw: WA N

043 ## - Kod obszaru geograficznego

  • ISO code: PL

046 ## - Special dates

  • Birth date: 1913
  • Death date: 1951

100 1# - Hasło - nazwa osobowa

  • nazwa osobowa w formie ujednoliconej: Ciepliński, Łukasz
  • daty biograficzne: (1913-1951)

375 ## - Gender

  • Gender: 1
  • Source of term: iso5218

377 ## - Assoc lang

  • Lang code: pol

400 1# - Trop zob. - nazwa osobowa

  • nazwa osobowa (nazwisko, imiona): Ciepliński, Łukasz Konrad

400 0# - Trop zob. - nazwa osobowa

  • nazwa osobowa (nazwisko, imiona): Pług
  • daty biograficzne: (1913-1951)

400 0# - Trop zob. - nazwa osobowa

  • nazwa osobowa (nazwisko, imiona): Ostrowski
  • daty biograficzne: (1913-1951)

400 0# - Trop zob. - nazwa osobowa

  • nazwa osobowa (nazwisko, imiona): Ludwik
  • daty biograficzne: (1913-1951)

400 0# - Trop zob. - nazwa osobowa

  • nazwa osobowa (nazwisko, imiona): Apk
  • daty biograficzne: (1913-1951)

400 0# - Trop zob. - nazwa osobowa

  • nazwa osobowa (nazwisko, imiona): Grzmot
  • daty biograficzne: (1913-1951)

400 0# - Trop zob. - nazwa osobowa

  • nazwa osobowa (nazwisko, imiona): Bogdan
  • daty biograficzne: (1913-1951)

670 ## - Źródło informacji

  • źródło informacji: LHP

670 ## - Źródło informacji

  • źródło informacji: Do Towarzyszów z P.P.S. / [Ciepliński Łukasz]. - Warszawa, 1946.
Biblioteka Instytutu Północnego, ul. Partyzantów 87, 10-402 Olsztyn, email: biblioteka(at)ip.olsztyn.pl